"Thank You" in Different Languages - Statistics

General Stats
  • This quiz has been taken 3,242 times
  • The average score is 5 of 10
Answer Stats
Hint Answer % Correct
French Merci
87%
Spanish Gracias
85%
German Danke
83%
Italian Grazie
66%
Japanese Arigato
56%
Portuguese Obrigado
38%
Mandarin Xie xie
33%
Russian Spasibo
30%
Arabic Shukran
26%
Hindi/Urdu Dhanyawad
8%
No matching quizzes found
Score Distribution
Percent of People with Each Score
Percentile by Number Answered
Your Score History
You have not taken this quiz